[Event "PRVA LIGA CENTRALNE SRBIJE 2018."]
[Site "Kragujevac"]
[Date "2018.09.17"]
[Round "5.6"]
[White "Gajic, Mladen"]
[Black "Barlov, Dragan"]
[Result "1-0"]
[WhiteElo "2291"]
[BlackElo "2414"]
[Annotator "Balkanchess"]
[PlyCount "79"]
[EventDate "2018.??.??"]
[WhiteClock "0:31:19"]
[BlackClock "0:00:40"]

1. d4 Nf6 2. Bg5 Ne4 3. Bf4 d6 4. Nd2 Nf6 5. e3 g6 6. h3 Bg7 7. Ngf3 O-O 8. Be2
Nfd7 9. O-O e5 10. Bh2 Qe7 11. dxe5 dxe5 12. e4 Nc6 13. Re1 Nc5 14. Bb5 Bd7 15.
a3 a6 16. Bf1 Rfd8 17. b4 Ne6 18. c3 Ng5 19. Qc2 Nxf3+ 20. Nxf3 Be6 21. a4 f6
22. Nd2 Qf7 23. Rab1 a5 24. b5 Nb8 25. Red1 Nd7 26. f4 exf4 27. Bxf4 Nc5 28.
Be3 Bf8 29. Kh1 f5 30. Bxc5 Bxc5 31. Bd3 f4 32. e5 g5 33. Nf3 h6 34. Bg6 Qf8
35. Be4 g4 36. Nd4 Bxd4 37. cxd4 Qf7 38. d5 Bc8 39. e6 Qe7 40. Rbc1 1-0

[Event "PRVA LIGA CENTRALNE SRBIJE 2018."]
[Site "Kragujevac"]
[Date "2018.09.17"]
[Round "5.6"]
[White "Radovic, Janko"]
[Black "Djosic, Slavoljub"]
[Result "1-0"]
[WhiteElo "2405"]
[BlackElo "2315"]
[Annotator "Balkanchess"]
[PlyCount "103"]
[EventDate "2018.??.??"]
[WhiteClock "0:30:25"]
[BlackClock "0:12:06"]

1. e4 Nf6 2. e5 Nd5 3. d4 d6 4. Nf3 dxe5 5. Nxe5 g6 6. c4 Nf6 7. Nc3 Bg7 8. Be2
O-O 9. O-O c6 10. Be3 Na6 11. Rc1 Nc7 12. f4 Nce8 13. g4 Nc7 14. Bf3 Nd7 15.
Qe2 Nxe5 16. fxe5 f5 17. Rcd1 fxg4 18. Bxg4 Rxf1+ 19. Rxf1 Bxg4 20. Qxg4 Qc8
21. Qh4 Qe6 22. Ne4 h5 23. Ng5 Qxc4 24. Qe4 Ne6 25. Qxg6 Nxg5 26. Qxg5 Qe2 27.
Rf2 Qd1+ 28. Kg2 Rf8 29. Rxf8+ Kxf8 30. Qf5+ Kg8 31. Bf2 Qe2 32. Qg6 c5 33.
Qe6+ Kh7 34. dxc5 Qxe5 35. Qxe5 Bxe5 36. b4 a6 37. a4 Kg6 38. b5 axb5 39. axb5
Kf5 40. b6 Ke6 41. c6 bxc6 42. b7 Bb8 43. Bg3 Ba7 44. b8=Q Bxb8 45. Bxb8 Kd5
46. Kf3 e5 47. Ke3 c5 48. Bc7 e4 49. Bg3 c4 50. Be1 Ke5 51. Bc3+ Kf5 52. Bd4
1-0